General Juan N. Mendez (Record no. 1528)

MARC details
000 -CABECERA
campo de control de longitud fija 00741nam a2200193 a 4500
001 - NÚMERO DE CONTROL
campo de control BRCA_1744
005 - FECHA Y HORA DE LA ÚLTIMA TRANSACCIÓN
campo de control 20190320203530.0
008 - DATOS DE LONGITUD FIJA--INFORMACIÓN GENERAL
campo de control de longitud fija 150508s1990----mx-#---###---#000-0#spa-#
050 #4 - SIGNATURA TOPOGRÁFICA DE LA BIBLIOTECA DEL CONGRESO
Número de clasificación F1391.P8
Número de documento/Ítem .L43 32
-- 1990
100 1# - ENTRADA PRINCIPAL--NOMBRE DE PERSONA
Nombre de persona Galindo y Galindo, Miguel
Fechas asociadas al nombre 1850-1910
9 (RLIN) 5441
245 10 - MENCIÓN DE TÍTULO
Título General Juan N. Mendez
Mención de responsabilidad, etc. Miguel Galindo y Galindo.
260 ## - PUBLICACIÓN, DISTRIBUCIÓN, ETC.
Lugar de publicación, distribución, etc. Puebla
Nombre del editor, distribuidor, etc. Gobierno del Estado de Puebla : Secretaría de Cultura : Comisión Puebla V Centenario
Fecha de publicación, distribución, etc. 1990
300 ## - DESCRIPCIÓN FÍSICA
Extensión 48 p.
Dimensiones 21 cm.
440 #0 - MENCIÓN DE SERIE/PUNTO DE ACCESO ADICIONAL--TÍTULO
Título Lecturas Históricas de Puebla
Número de parte o sección de la obra 32
9 (RLIN) 5442
600 14 - PUNTO DE ACCESO ADICIONAL DE MATERIA--NOMBRE DE PERSONA
Nombre de persona Mendez, Juan N.
Fechas asociadas al nombre 1820-1894
9 (RLIN) 5443
651 #4 - PUNTO DE ACCESO ADICIONAL DE MATERIA--NOMBRE GEOGRÁFICO
Nombre geográfico Puebla (México)
Subdivisión general Historia
Subdivisión cronológica Intervención europea, 1861-1867
9 (RLIN) 5444
651 #4 - PUNTO DE ACCESO ADICIONAL DE MATERIA--NOMBRE GEOGRÁFICO
Nombre geográfico Puebla (México)
Subdivisión general Historia
Subdivisión cronológica 1867-1910
9 (RLIN) 5445
942 ## - ELEMENTOS DE PUNTO DE ACCESO ADICIONAL (KOHA)
Fuente del sistema de clasificación o colocación Library of Congress Classification
Tipo de ítem Koha Libros
Holdings
Estado de retiro Estado de pérdida Estado dañado No para préstamo Localización permanente Ubicación/localización actual Fecha de adquisición Total de préstamos Signatura topográfica completa Código de barras Fecha visto por última vez Precio válido a partir de Tipo de ítem Koha
El ejemplar forma parte de la colección y puede ser consultado según las políticas vigentes.       Biblioteca del Museo Franz Mayer (Rogerio Casas-Alatriste) Biblioteca del Museo Franz Mayer (Rogerio Casas-Alatriste) 27/06/2008   F1391.P8 .L43 32 1990 00436 22/03/2019 22/03/2019 Libros